2021 F1 Grid - Statistics

General Stats
  • This quiz has been taken 80 times
  • The average score is 18 of 20
Answer Stats
Team Nationality Answer % Correct
Ferrari Spanish Carlos Sainz
100%
Ferrari Monégasque Charles Leclerc
99%
McLaren Australian Daniel Ricciardo
99%
McLaren British Lando Norris
99%
Mercedes British Lewis Hamilton
97%
Red Bull Dutch Max Verstappen
97%
Red Bull Mexican Sergio Perez
97%
Alpine French Esteban Ocon
96%
Alpine Spanish Fernando Alonso
95%
Aston Martin Canadian Lance Stroll
95%
Mercedes Finnish Valtteri Bottas
95%
AlphaTauri Japanese Yuki Tsunoda
95%
AlphaTauri French Pierre Gasly
93%
Aston Martin German Sebastian Vettel
92%
Alfa Romeo Finnish Kimi Raikkonen
86%
Williams British George Russell
84%
Williams Canadian Nicholas Latifi
81%
Haas Russian Nikita Mazepin
80%
Haas German Mick Schumacher
76%
Alfa Romeo Italian Antonio Giovinazzi
73%
No matching quizzes found
Score Distribution
Percent of People with Each Score
Percentile by Number Answered
Your Score History
You have not taken this quiz